Normal view
MARC view
- Stanley Kutler
Entry Personal Name
001 - CONTROL NUMBER
- control field: 27607
003 - CONTROL NUMBER IDENTIFIER
- control field: NUST
005 - DATE AND TIME OF LATEST TRANSACTION
- control field: 20200115122751.0
008 - FIXED-LENGTH DATA ELEMENTS
- fixed length control field: 200115|| aca||aabn | a|a d
040 ## - CATALOGING SOURCE
- Original cataloging agency: NUST
- Transcribing agency: NUST
100 ## - HEADING--PERSONAL NAME
- Personal name: Stanley Kutler
670 ## - SOURCE DATA FOUND
- Source citation: Work cat.: (NUST): Stanley Kutler, Abuse of Power: The New Nixon Tapes
